| 000 | 00750nam a22001937a 4500 | ||
|---|---|---|---|
| 005 | 20251108165518.0 | ||
| 008 | 250721s1983 xx 000 0 ara d | ||
| 082 | 1 | 4 | _aم/219/شمس |
| 100 | 1 | _aالشامي، شمس الدين | |
| 245 | 1 | 0 | _aسبل الهدى و الرشاد في سيرة خير العباد / |
| 264 | 1 |
_aالقاهره : _bالمجلس الأعلى للشؤون الإسلامية - لجنة إحياء التراث الإسلامي، _c1983. |
|
| 300 | _a5ج | ||
| 490 | 0 | _aالسيرة النبوية ؛ 27 | |
| 500 | _aيوجد منه نسخة في قاعة المطالعة | ||
| 650 | 1 | 7 | _aالسيرة النبوية |
| 700 | 1 |
_aعبد الواحد، مصطفى _eتحقيق |
|
| 942 |
_2ddc _cREF |
||
| 999 |
_c29681 _d29681 |
||